| 000 | 01108nam a22002657a 4500 | ||
|---|---|---|---|
| 001 | BD-DhSAU | ||
| 003 | BD-DhSAU | ||
| 005 | 20250720120155.0 | ||
| 008 | 150420b2005 bg ||||| m||| 00| 0 eng d | ||
| 040 | _aBD-DhSAU | ||
| 082 |
_222 _a635 _bAh52 |
||
| 100 |
_aAHMED, FARHA _eRegistration No. # 14-06091 |
||
| 245 |
_aInfluence of clybio as biostimulant on the growth and productivity of summer onion (allium cepa) / _bMS thesis |
||
| 260 |
_aSher-e-Bangla Agricultural Uniersity : _bDepartment of Horticulture, _c2022. |
||
| 300 |
_ax, 60p. ; _c30 cm. |
||
| 500 | _aMS thesis of Department of Horticulture, Faculty of Agriculture, Sher-e-Bangla Agricultural University, Dhaka, Bangladesh | ||
| 504 | _aIncludes bibliographical reference. | ||
| 590 | _aNazmul | ||
| 650 | _aclybio as biostimulant | ||
| 651 | _agrowth and productivity of summer onion (allium cepa) | ||
| 700 |
_aProf. Dr. A F M Jamal Uddin _eSuperviser |
||
| 700 |
_aProf. Dr. Khaleda Khatun _eCo-superviser |
||
| 856 | _uhttp://archive.saulibrary.edu.bd:8080/xmlui/handle/123456789/5357 | ||
| 942 |
_2ddc _cTHESIS |
||
| 999 |
_c17570 _d17569 |
||